| 000 | 00435nam a2200157 4500 | ||
|---|---|---|---|
| 001 | 113582 | ||
| 003 | ES-MaACL | ||
| 005 | 20230906185940.0 | ||
| 007 | t| | ||
| 008 | 061121s1971 sp r ||||1| spa d | ||
| 100 | 1 |
_aPacios, Antonio. _988150 |
|
| 245 | 1 | 3 |
_aLa Virgen y el Corazón de Jesús / _cAntonio Pacios. M.S.C. |
| 260 |
_aBarcelona : _bAcervo, _c1971. |
||
| 300 |
_a296 p. ; _c18 cm. |
||
| 852 |
_aES-MaACL _jC-49156 _bR.79444 |
||
| 999 |
_c113582 _d113582 |
||